Statistics for Niagara Falls vs Iguazu Falls vs Victoria Falls

Click here to take the quiz!

General Stats

  • This quiz has been taken 20 times
  • The average score is 5 of 10

Answer Stats

QuestionAnswer% Correct
Which ones are the highest?Victoria
78%
Which ones have the higher erosion rate?Niagara
56%
Which ones are named after the river they are located on?Niagara and Iguazu
56%
Which ones have the highest annual flow rate?Niagara
50%
Which ones are situated on national borders?Niagara, Iguazu and Victoria
44%
Which ones are the widest?Iguazu
39%
Which ones have a hydroelectrical power plant?Niagara
39%
Which ones have the highest recorded flow at a particular time?Iguazu
33%
Which ones have the largest continuous curtain of water?Victoria
33%
Which ones were the first to be seen by Europeans?Iguazu
28%

Score Distribution

Percentile by Number Answered

Percent of People with Each Score

Your Score History

You have not taken this quiz